| 000 | 00569nam a2200193 i 4500 | ||
|---|---|---|---|
| 001 | 74317 | ||
| 003 | ES-MaACL | ||
| 005 | 20230906172103.0 | ||
| 007 | t| | ||
| 008 | 040917s1953 sp ||||1| spa d | ||
| 100 | 1 |
_aGonzález Garcés, Miguel. _958644 |
|
| 245 | 1 | 0 |
_aIsla de dos _b: (poesía) / _cMiguel González Garcés. |
| 260 |
_aMadrid : _b[s.n, _c1953] ( _fImp. I. Méndez) |
||
| 300 |
_a77 p. ; _c18 cm. |
||
| 490 | 1 |
_aColección Palma ; _v5 |
|
| 830 | 0 |
_aColección Palma ; _v5 _9183440 |
|
| 852 |
_aES-MaACL _j1955-F-5 _bR.34613 |
||
| 999 |
_c74317 _d74317 |
||